00488nam a2200145 a 450000100100000000500170001000800410002702000150006804000250008310000290010824500910013726000740022830000210030270000190032300003414120200930070817.0110926s2004 cu 000 0 spa d a9591008740 aDO-SdBNPbspacBNPHU1 aAcosta, Leonardo,c1933-10aOtra visión de la música popular cubana /cLeonardo Acosta ; Editor Samuel Minski. aLa Habana :bInstituto Cubano del LibrobLetras Cubanas,c2004fNomos a275 p. ;c21 cm.1 aMinski, Samuel